[Event "Dortmund Sparkassen op-B"]
[Site "Dortmund"]
[Date "2006.07.30"]
[Round "3"]
[White "Rohsiepe, Sebastian"]
[Black "Koenig, Oliver"]
[Result "1-0"]
[WhiteElo "1567"]
[BlackElo "2039"]
[PlyCount "155"]
[EventDate "2006.07.28"]
[EventType "swiss"]
[EventRounds "9"]
[EventCountry "GER"]
[SourceTitle "CBM 113 Extra"]
[Source "ChessBase"]
[SourceDate "2006.09.14"]
[SourceVersion "1"]
[SourceVersionDate "2006.09.14"]
[SourceQuality "1"]

1. e4 c5 2. c3 e6 3. d4 d5 4. dxc5 Bxc5 5. exd5 exd5 6. Nf3 Be6 7. Bb5+ Nc6 8. Bf4 Qb6 9. Bxc6+ bxc6 10. Qc2 Ne7 11. b4 Bf5 12. bxc5 Qxc5 13. Qb3 0-0 14. 0-0 Ng6 15. Bg3 Be6 16. Qb4 Qxb4 17. cxb4 a5 18. Nd4 Rfc8 19. f4 Bd7 20. f5 Nf8 21. bxa5 Rxa5 22. Nc3 Ra3 23. Rac1 c5 24. Nxd5 cxd4 25. Ne7+ Kh8 26. Nxc8 Rxa2 27. Bd6 Kg8 28. Nb6 Ra7 29. Bxf8 Kxf8 30. Nxd7+ Rxd7 31. Rfe1 f6 32. Rcd1 g6 33. Re4 d3 34. fxg6 hxg6 35. Re3 d2 36. Re2 Ra7 37. Rdxd2 Kg7 38. Rd6 Rf7 39. Ree6 g5 40. Kf2 Kg6 41. g4 Kg7 42. Ke3 Kg6 43. Ke4 Rf8 44. Re7 Kh6 45. Rdd7 Rg8 46. Rh7+ Kg6 47. Kf3 f5 48. gxf5+ Kf6 49. Rhf7+ Ke5 50. Rde7+ Kd6 51. Kg4 Rh8 52. Rh7 Rg8 53. Reg7 Rc8 54. f6 Rc4+ 55. Kxg5 Rc5+ 56. Kf4 Ra5 57. f7 Ra4+ 58. Kf5 Ke7 59. f8Q+ Kxf8 60. Rb7 Ra5+ 61. Ke4 Ra4+ 62. Kd3 Ra3+ 63. Kc2 Kg8 64. Rhd7 Ra2+ 65. Kb3 Ra8 66. h4 Rc8 67. h5 Kh8 68. h6 Kg8 69. Kb4 Ra8 70. Kb5 Rc8 71. Kb6 Re8 72. Kc7 Kh8 73. Rd8 Rxd8 74. Kxd8 Kg8 75. Ke7 Kh8 76. Kf6 Kg8 77. Rc7 Kh8 78. Kg6 1-0

[Event "Essen Werden 4th"]
[Site "Essen"]
[Date "2002.07.29"]
[Round "6"]
[White "Viciski, Mike"]
[Black "Rohsiepe, Sebastian"]
[Result "0-1"]
[WhiteElo "1223"]
[BlackElo "1627"]
[PlyCount "41"]
[EventDate "2002.07.??"]
[EventType "tourn"]
[EventRounds "7"]
[EventCountry "GER"]
[SourceTitle "EXT 2006"]
[Source "ChessBase"]
[SourceDate "2005.11.24"]
[SourceVersion "1"]
[SourceVersionDate "2005.11.24"]
[SourceQuality "1"]

1. d4 d5 2. c4 e6 3. Nc3 Nf6 4. e3 Be7 5. Nf3 0-0 6. Bd2 Nbd7 7. Bd3 Re8 8. Qc2 h6 9. 0-0 b6 10. e4 dxe4 11. Nxe4 Bb7 12. Rae1 Rb8 13. Re2 a6 14. Bc3 Nh5 15. Bd2 Nhf6 16. Rfe1 c5 17. Be3 Ng4 18. h3 Nxe3 19. fxe3 Rc8 20. Nfd2 b5 21. b3 0-1

[Event "Essen Werden 4th"]
[Site "Essen"]
[Date "2002.07.28"]
[Round "1"]
[White "Duhn, Marc"]
[Black "Rohsiepe, Sebastian"]
[Result "1-0"]
[WhiteElo "1832"]
[BlackElo "1627"]
[PlyCount "81"]
[EventDate "2002.07.??"]
[EventType "tourn"]
[EventRounds "7"]
[EventCountry "GER"]
[SourceTitle "EXT 2006"]
[Source "ChessBase"]
[SourceDate "2005.11.24"]
[SourceVersion "1"]
[SourceVersionDate "2005.11.24"]
[SourceQuality "1"]

1. e4 e5 2. Nf3 Nc6 3. d4 exd4 4. Bc4 Bb4+ 5. c3 dxc3 6. bxc3 Be7 7. Qd5 Nh6 8. Bxh6 0-0 9. Be3 d6 10. Qd2 Bg4 11. Be2 h6 12. Nd4 Bd7 13. Nxc6 Bxc6 14. f3 a6 15. 0-0 Bd7 16. c4 c5 17. Nc3 Rb8 18. Nd5 b5 19. Nxe7+ Qxe7 20. Rfd1 Be6 21. cxb5 axb5 22. Qxd6 Qxd6 23. Rxd6 c4 24. Rb6 Rxb6 25. Bxb6 Ra8 26. Bc5 f5 27. a3 fxe4 28. fxe4 Rc8 29. Bb4 Re8 30. Rd1 Bf7 31. Bf3 Bg6 32. Re1 Kf7 33. e5 Bf5 34. Bd5+ Be6 35. Rf1+ Kg6 36. Be4+ Kh5 37. h3 Bd7 38. g4+ Bxg4 39. hxg4+ Kxg4 40. e6 Kh4 41. e7 1-0